banner-ar

تاريخ عجائب الاثار فى التراجم والاخبار : (Record no. 38747)

MARC details
000 -الفاتح
حقل البيانات ثابتة الطول 00853nam a2200193Ia 4500
008 - عناصر البيانات ثابتة الطول - معلومات عامة
حقل البيانات ثابتة الطول 140319s9999 xx 000 0 ara d
040 ## - مصدر الفهرسة
وكالة الفهرسة الأصلية GCL /
وكالة النسخ GCL
082 04 - رقم تصنيف ديوى العشرى
رقم التصنيف ق
رقم المادة 953.0962
-- ج ت
100 1# - المدخل الرئيسى - إسم شخصى
الإسم الشخصى الجبرتى : عبدالرحمن بن حسن، 1167-1237 هـ
245 10 - بيان العنوان
العنوان تاريخ عجائب الاثار فى التراجم والاخبار :
بقية العنوان المعروف بتاريخ الجبرتى /
بيان المسئوليه,etc الجبرتى : عبدالرحمن بن حسن، 1167-1237 هـ
700 1# - المدخل الاضافى - اسم شخصى
الإسم الشخصى ابراهيم شمس الدين
250 ## - بيان الطبعة
بيان الطبعة الاولى
260 ## - PUBLICATION, DISTRIBUTION, ETC. (IMPRINT)
تاريخ النشر أو التوزيع 1997
300 ## - الوصف المادى
التعداد 3 مج:
تفاصيل ماديه اخرى للوعاء ايض ؛
أبعاد الوعاء 24 سم
650 04 - المدخل الاضافى بالموضوع-مصطلح موضوعى
مصطلح موضوعي مصر - تاريخ - العصر الحديث (1805 - 1956 )
650 04 - المدخل الاضافى بالموضوع-مصطلح موضوعى
مصطلح موضوعي مصر - تاريخ - الحملة الفرنسية (1798-1801م)
942 ## - عناصر المدخل الإضافي( كوها)
مصدر التصنيف او مخطط الترفيف Dewey Decimal Classification
Koha [default] item type كتاب
260 ## - PUBLICATION, DISTRIBUTION, ETC. (IMPRINT)
-- بيروت :
-- دار الكتب العلمية ،
Holdings
حالة التراجع حالة الفقد حالة تلف ليس للاعارة المكان المؤقت الموقع الحالى تاريخ الاكتساب اجمالي اﻻعارات رقم الطلب الباركود تاريخ اخر مشاهدة تاريخ تفعيل السعر نوع وعاء كوها
        مكتبة القاهرة الكبرى مكتبة القاهرة الكبرى 03/26/2014   ق\953.0962\ج ت 94438 03/26/2014 03/26/2014 كتاب
        مكتبة القاهرة الكبرى مكتبة القاهرة الكبرى 03/26/2014   ق\953.0962\ج ت 94439 03/26/2014 03/26/2014 كتاب
        مكتبة القاهرة الكبرى مكتبة القاهرة الكبرى 03/26/2014   ق\953.0962\ج ت 94440 03/26/2014 03/26/2014 كتاب
        مكتبة القاهرة الكبرى مكتبة القاهرة الكبرى 03/26/2014   ق\953.0962\ج ت 94441 03/26/2014 03/26/2014 كتاب

Powered By

EGPV